The psychology of learning

Saved in:
Bibliografiske detaljer
Hovedforfatter: Borger, Robert (Author)
Format: Bog
Sprog:engelsk
Udgivet: Londres Penguin Books 1969
Serier:A Pelican Original
Fag:
Tags: Tilføj Tag
Ingen Tags, Vær først til at tagge denne postø!

MARC

LEADER 00000nam a2200000 a 4500
001 UCW7007
003 CL-VaPUC
008 920811e19690000UK |||||||||||||||||eng|d
082 0 4 |a 370.15  |b BOR  |2 21 
100 0 |a Borger, Robert  |e author  |9 312106 
245 1 4 |a The psychology of learning 
300 |a 248 p 
942 |c BK 
945 |d 19920811 00:00:00 
260 |a Londres  |b Penguin Books  |c 1969 
650 0 |a Psicología del aprendizaje  |9 306854 
583 |a last modification  |c 20120606 09:52:24  |k Rodrigo Vera 
490 0 |a A Pelican Original 
999 |c 219897  |d 219895 
952 |0 0  |1 0  |4 0  |6 370_150000000000000_BOR_1969  |7 0  |8 P  |9 211403  |a BIBEDU  |b BIBEDU  |c BIBEDU_PB  |d 2019-11-15  |i 2795906  |o 370.15 BOR 1969  |p 2795906  |r 2024-01-25  |w 2019-11-15  |y BK  |k EDU